<?xml version="1.0" encoding="UTF-8"?>
<collection xmlns="http://www.loc.gov/MARC21/slim">
 <record>
  <leader>01357nam a2200205Ia 4500</leader>
  <controlfield tag="001">TDMU_7539</controlfield>
  <controlfield tag="008">210410s9999    xx            000 0 und d</controlfield>
  <datafield tag="082" ind1=" " ind2=" ">
   <subfield code="a">410</subfield>
  </datafield>
  <datafield tag="090" ind1=" " ind2=" ">
   <subfield code="b">B534</subfield>
  </datafield>
  <datafield tag="100" ind1=" " ind2=" ">
   <subfield code="a">BuÌ€i, MaÌ£nh HuÌ€ng</subfield>
  </datafield>
  <datafield tag="245" ind1=" " ind2="0">
   <subfield code="a">Ngôn ngữ học đối chiếu</subfield>
  </datafield>
  <datafield tag="245" ind1=" " ind2="0">
   <subfield code="c">BuÌ€i MaÌ£nh HuÌ€ng</subfield>
  </datafield>
  <datafield tag="260" ind1=" " ind2=" ">
   <subfield code="a">H.</subfield>
  </datafield>
  <datafield tag="260" ind1=" " ind2=" ">
   <subfield code="b">GiaÌo duÌ£c</subfield>
  </datafield>
  <datafield tag="260" ind1=" " ind2=" ">
   <subfield code="c">2008</subfield>
  </datafield>
  <datafield tag="300" ind1=" " ind2=" ">
   <subfield code="a">288tr.</subfield>
  </datafield>
  <datafield tag="520" ind1=" " ind2=" ">
   <subfield code="a">TriÌ€nh baÌ€y khaÌi quaÌt caÌc vâÌn đêÌ€ cơ baÌ‰n cuÌ‰a ngôn ngưÌƒ hoÌ£c đôÌi chiêÌu môÌ£t phân ngaÌ€nh ngôn ngưÌƒ hoÌ£c coÌ giaÌ triÌ£ ưÌng duÌ£ng cao: phaÌ£m vi ưÌng duÌ£ng; cơ sơÌ‰ nghiên cưÌu; nguyên tăÌc vaÌ€ phương phaÌp đôÌi chiêÌu ngôn ngưÌƒ; caÌc biÌ€nh diêÌ£n nghiên cưÌu vaÌ€ môÌ£t sôÌ thưÌ‰ nghiêÌ£m phân tiÌch đôÌi chiêÌu ngôn ngưÌƒ.; AV090 Ngôn ngữ học đối chiếu</subfield>
  </datafield>
  <datafield tag="650" ind1=" " ind2=" ">
   <subfield code="a">Ngôn ngưÌƒ hoÌ£c đôÌi chiêÌu; Ngôn ngưÌƒ; Ngôn ngưÌƒ hoÌ£c; ĐôÌi chiêÌu</subfield>
  </datafield>
  <datafield tag="856" ind1=" " ind2=" ">
   <subfield code="u">http://lrc.tdmu.edu.vn/opac/search/detail.asp?aID=2&amp;ID=7539</subfield>
  </datafield>
  <datafield tag="980" ind1=" " ind2=" ">
   <subfield code="a">Trung tâm Học liệu Trường Đại học Thủ Dầu Một</subfield>
  </datafield>
 </record>
</collection>
